Ghazal Side-1; Ke Ghungroo Toot Gaye (Part-1) (Record no. 47445)

MARC details
000 -LEADER
fixed length control field 01500njm a22003737a 4500
005 - DATE AND TIME OF LATEST TRANSACTION
control field 20100922121142.0
007 - PHYSICAL DESCRIPTION FIXED FIELD--GENERAL INFORMATION
fixed length control field sd ammalaaahaa
008 - FIXED-LENGTH DATA ELEMENTS--GENERAL INFORMATION
fixed length control field 100904t xxu||||| |||| 00| 0 hin d
028 ## - PUBLISHER NUMBER
Publisher number ECSD. 3056
Source His Master's Voice
028 ## - PUBLISHER NUMBER
Publisher number 2YJE. 1423
Source His Master's Voice
028 ## - PUBLISHER NUMBER
Publisher number 2YJE. 1424
Source His Master's Voice
035 ## - SYSTEM CONTROL NUMBER
System control number GR-05135
040 ## - CATALOGING SOURCE
Original cataloging agency SED/VEN
100 ## - MAIN ENTRY--PERSONAL NAME
Personal name Maqbool Ahmed Sabri
9 (RLIN) 1184
245 ## - TITLE STATEMENT
Title Ghazal Side-1; Ke Ghungroo Toot Gaye (Part-1)
Remainder of title Urdu /
Statement of responsibility, etc by Maqbool Ahmed Sabri; Music by Maqbool Ahmed Sabri; Lyric by Qateel Shifai
Medium [Sound Recording] :
246 ## - VARYING FORM OF TITLE
Title proper/short title के घुंघरू टूट गए (मक़बूल अहमद साबरी)
250 ## - EDITION STATEMENT
Edition statement P-1984
260 ## - PUBLICATION, DISTRIBUTION, ETC. (IMPRINT)
Place of publication, distribution, etc Dum Dum, India :
Name of publisher, distributor, etc His Master's Voice
Date of publication, distribution, etc P-1982
300 ## - PHYSICAL DESCRIPTION
Extent 1 sound disc [Gramophone Recording] :
Other physical details analog, 33 1/3 rpm ;
Dimensions 12 in. [LP]
Type of unit Gramophone Records
500 ## - GENERAL NOTE
General note Brief Records
500 ## - GENERAL NOTE
General note Record Lables: His Master's Voice, Red
505 ## - FORMATTED CONTENTS NOTE
Formatted contents note गजल साइड-2; तेरी बातें ही सुनाने आये (मक़बूल अहमद साबरी), (भाग-2)
600 ## - SUBJECT ADDED ENTRY--PERSONAL NAME
Personal name Maqbool Ahmed Sabri
9 (RLIN) 20735
650 ## - SUBJECT ADDED ENTRY--TOPICAL TERM
Topical term or geographic name as entry element Classical Music
General subdivision Excerpts
Geographic subdivision India
9 (RLIN) 18309
700 ## - ADDED ENTRY--PERSONAL NAME
9 (RLIN) 18319
700 ## - ADDED ENTRY--PERSONAL NAME
9 (RLIN) 18320
700 ## - ADDED ENTRY--PERSONAL NAME
9 (RLIN) 19413
700 ## - ADDED ENTRY--PERSONAL NAME
9 (RLIN) 19439
700 ## - ADDED ENTRY--PERSONAL NAME
9 (RLIN) 21090
700 ## - ADDED ENTRY--PERSONAL NAME
9 (RLIN) 21091
700 ## - ADDED ENTRY--PERSONAL NAME
9 (RLIN) 21103
942 ## - ADDED ENTRY ELEMENTS (KOHA)
Source of classification or shelving scheme Dewey Decimal Classification
Item type Gramaphone Records
Holdings
Withdrawn status Lost status Source of classification or shelving scheme Damaged status Not for loan Collection code Home library Current library Shelving location Date acquired Source of acquisition Total Checkouts Barcode Date last seen Copy number Price effective from Koha item type
    Dewey Decimal Classification   Not For Loan Non-fiction Central Library Central Library Audio Visual 22/09/2010 SED/VEN   GR-05135 22/09/2010 1 22/09/2010 Gramaphone Records

© Delhi Public Library
Hit Counter
free hit counter